Tournai - Choix Multiples - Statistiques

Statistiques générales
  • Ce quiz a été pris 80 fois
  • Le résultat moyen est 7 sur 10
Statistiques - réponses
Question Réponse % Correct
Quel est le nom de Tournai en flamand? Doornik
92%
Quel fleuve traverse la ville? L'Escaut
91%
Dans quelle province belge Tournai se situe-t-elle? Le Hainaut
88%
Quelle image illustre le beffroi de Tournai, qui est le plus ancien de Belgique?
81%
De quel ancien royaume Tournai était-elle la première capitale? Les Francs
77%
Quelle autre ville belge entre dans le nom de l'Eurométropole que la ville compose avec Lille? Courtrai
76%
Quelle production a fait la renommée de la ville, rivalisant avec des villes comme Limoges? Porcelaine
74%
Parmi les phrases suivantes, laquelle fait référence à Tournai? La ville est le centre du diocèse gérant sa province
73%
Le tombeau de quel souverain fut découvert en 1653 à côté de l'Église Saint-Brice? Childéric Ier
58%
Qu'est-ce que le mutiau, spécialité culinaire tournaisienne? De la charcuterie
36%
Aucun quiz correspondant
Distribution des résultats
% des personnes avec chaque résultat
Percentile par nombre de réponses
Votre historique - résultats
Vous n’avez pas pris ce quiz